000 00543nam a2200181 4500
005 20250402151709.0
010 _aENG-144441
020 _a9789357317030
_c799.00
035 _aEN-127973
037 _bDBAD
082 _a302.23
100 _aSinykin, Dan
_980125
245 _aBig Fiction/
_cDan Sinykin
260 _aGurugram
_bHachette Books Publishing
_c2023
270 _a4th and 5th Floor, Corporate Centre, Plot No.-94, Sector 44,
_bGurugram
_e122003
300 _a503p.
_c22cm(pb)
942 _2ddc
_cEN
_h302.23
_mSIN
999 _c210668
_d210668